| 000 | 00526nam a2200181Ia 4500 | ||
|---|---|---|---|
| 005 | 20250317131400.0 | ||
| 008 | 008 250317s9999 xx 000 0 eng d | ||
| 037 | _aTextbook | ||
| 040 |
_aFMSL _beng _cFMSL |
||
| 041 |
_aeng _2eng |
||
| 084 |
_aB2891 J7 _qFMSL |
||
| 100 |
_aLuce E _9746980 |
||
| 245 | 0 | _aGames and decisions introduction and critical survey | |
| 260 |
_aNew York _bNew York, John Wiley _c1977 |
||
| 300 | _a508p | ||
| 942 |
_cTB _hB2891 J7 |
||
| 999 |
_c1267884 _d1267884 |
||